000 00710nam a2200217 a 4500
001 007470
003 BD-ChCU
008 Ben
020 _a
040 _aDLC
_cDLC
_dBD-ChCU
082 0 0 _a৩৭০/জা৮
100 1 _a-
_b-
245 1 0 _aজাতীয় শিক্ষা সেমিনার,১৯৭৬
_b-
250 _a***
260 _aঢাকা
_bজাতীয় শিক্ষা সেশিনার সাংগঠনিক কমিটি
_c১৯৯১
300 _a**
504 _a- Biblio-
650 0 _aজাতীয় শিক্ষা সেমিনার
_b-
700 1 _aহোসাইন, সৈয়দ বদরুদীন
942 _2ddc
_cBK
999 _c7470
_d7470